Immunomagnetic detection of Bacillus stearothermophilus spores in food and environmental samples /

সংরক্ষণ করুন:
গ্রন্থ-পঞ্জীর বিবরন
প্রধান লেখক: Blake, M. R.
অন্যান্য লেখক: Weimer, B. C.
বিন্যাস: প্রবন্ধ
ভাষা:English
বিষয়গুলি:
ট্যাগগুলো: ট্যাগ যুক্ত করুন
কোনো ট্যাগ নেই, প্রথমজন হিসাবে ট্যাগ করুন!
Thư viện lưu trữ: Thư viện Trường Đại học Đà Lạt
LEADER 00970nam a2200313 4500
001 DLU090096509
005 ##20091201
040 # # |a DLU  |b eng 
041 # # |a eng 
044 # # |a us 
100 # # |a Blake, M. R.  
245 # # |a Immunomagnetic detection of Bacillus stearothermophilus spores in food and environmental samples /  |c M. R. Blake, B. C. Weimer. 
653 # # |a Bacillus stearothermophilus 
653 # # |a Bacteria  
653 # # |a Biological contamination  
653 # # |a Fluorescence  
653 # # |a Foodstuff  
653 # # |a Immunomagnetic method  
700 # # |a Weimer, B. C. 
773 # # |t Applied and Environmental Microbiology  |g Vol. 63, no. 5 (May 1997), p. 1643-1646 
920 # # |a Phòng Tạp chí -- Trung tâm Thông tin - Thư viện Trường Đại học Đà Lạt 
994 # # |a DLU 
900 # # |a True 
911 # # |a Trương Bảo Trâm Anh 
925 # # |a G 
926 # # |a A 
927 # # |a BB 
980 # # |a Thư viện Trường Đại học Đà Lạt